=LDR 00000nam 2200000 4500 =001 INLIS000000000062185 =005 20230620025120 =035 ##$$a 0010-0623000026 =007 ta =008 230620###########################0###### =020 ##$$a 978-623-7865-16-2 =082 ##$$a 612.6 =084 ##$$a 612.6 IRM h =100 #$$a Irmayani, S,Si.T., M.Kes =245 1#$$a Homecare Kebidanan Terintegrasi Pada Remaja Putri Dengan Dismenore : $b Modul Praktik /$c Irmayani, S,Si.T., M.Kes =250 ##$$a 1 =260 ##$$a Mataram :$b Jurusan Kebidanan Poltekkes Kemenkes Mataram,$c 2020 =300 ##$$a 73 halaman : $b ilus ; $c 20 cm$e Lain-lain =650 #4$$a Haid - Dismenore =504 ##$$a Bibliografi : halaman 56-67 =990 ##$$a 229/52/2023